| 000 | 01479cam a22002531 4500 | ||
|---|---|---|---|
| 001 | 19660 | ||
| 003 | BD-RjUL | ||
| 005 | 20211209000448.0 | ||
| 008 | 140225s1967 nyu 000 0 eng | ||
| 035 | _a(BD-RjUL)19720 | ||
| 040 |
_aDLC _cDLC _dDLC _dBD-RjUL _beng |
||
| 041 | _aeng | ||
| 082 | 0 | 0 |
_a822.808 _bNIN 1967 |
| 245 | 1 | 0 |
_aNineteenth-century British drama : _ban anthology of representative plays / _cedited by Leonard R. N. Ashley. |
| 260 |
_aNew York : _bScott, Foresman, _cc1967. |
||
| 300 |
_a700 p. ; _c19 cm. |
||
| 504 | _aIncludes bibliographical references. | ||
| 505 | 0 | _aNineteenth century British drama; an introduction. --A note on stage directions.--The Cenci, by P. B. Shelley.--Black-ey'd Susan, by D. Jerrold.--The lady of Lyons, by Lord Lytton.--London assurance, by D. Boucicault.--Caste, by T. W. Robertson.--The bells, by L. Lewis.--East Lynne, by T. A. Palmer.--H. M. S. Pinafore, by Sir W. S. Gilbert.--The Countess Cathleen, by W. B. Yeats.--The second Mrs. Tanqueray, by Sir A. W. Pinero.--The importance of being Earnest, by O. Wilde.--Michael and his lost angel, by H. A. Jones.--Dramatic sequels: In the Lyons den; The vengeance of caste; The third Mrs. Tanqueray, by St. J. Hankin.--Biographical and bibliographical notes (p. [681]-694).--Bibliography (p. [695]-700) | |
| 650 | 0 |
_aEnglish drama _y19th century. _960418 |
|
| 700 | 1 |
_aAshley, Leonard R. N., _eed. _960419 |
|
| 942 |
_2ddc _cBK |
||
| 999 |
_c19660 _d19660 |
||